[Event "Manizales op 21st"]
[Site "Manizales"]
[Date "2009.01.09"]
[Round "3"]
[White "Guzman, Jose Fidias"]
[Black "Patino, Jaime"]
[Result "0-1"]
[WhiteElo "1607"]
[BlackElo "1600"]
[PlyCount "36"]
[EventDate "2009.01.08"]
[EventType "swiss"]
[EventRounds "7"]
[EventCountry "COL"]
[SourceTitle "CBM 128 Extra"]
[Source "ChessBase"]
[SourceDate "2009.03.05"]
[SourceVersion "2"]
[SourceVersionDate "2009.03.25"]
[SourceQuality "1"]

1. e4 c5 2. c3 d6 3. d4 cxd4 4. cxd4 Nf6 5. Nc3 g6 6. f4 Bg7 7. Be2 a6 8. Be3 0-0 9. Nf3 b5 10. a3 Bb7 11. Bd3 Ng4 12. Bd2 e5 13. d5 Qb6 14. Qe2 exf4 15. Bxf4 Re8 16. h3 Nf6 17. Be3 Qd8 18. 0-0 Nh5 0-1